Countries with Cryptic Clues - Statistics

General Stats
  • This quiz has been taken 622 times
  • The average score is 5 of 16
Answer Stats
Cryptic Clue Country % Correct
Joey's home Australia
79%
Person in a hurry? Russia
55%
Nice location? France
48%
Land of the rainy plain Spain
47%
Insufficient food here? Hungary
42%
Don't drop this fine country! China
32%
Well-lubricated nation? Greece
32%
Also arranged Laos
25%
One's refuge in India Indonesia
24%
Where plane disintegrates Nepal
24%
Wrath of the earth Ireland
19%
Drunk Angeles Senegal
18%
Stir cacao wildly for coffee Costa Rica
15%
Contents in diary India
12%
Author Roth longs to live here Philippines
10%
I remember all new openings Iran
9%
No matching quizzes found
Score Distribution
Percent of People with Each Score
Percentile by Number Answered
Your Score History
You have not taken this quiz